• Campanini G., Eminyan M., Festorazzi F., Mc Cormack A., Pasini E., Perico G., Rossi G.,

di Personal Name

Records bibliografici associati: 1

001 - CONTROL NUMBER

  • control field: 60972

003 - CONTROL NUMBER IDENTIFIER

  • control field:

005 - DATE AND TIME OF LATEST TRANSACTION

  • control field: 20240919142755.0

008 - FIXED-LENGTH DATA ELEMENTS

  • fixed length control field: 240919|| aca||aabn | a|a d

040 ## - CATALOGING SOURCE

  • Original cataloging agency:
  • Transcribing agency:

100 ## - HEADING--PERSONAL NAME

  • Personal name: Campanini G., Eminyan M., Festorazzi F., Mc Cormack A., Pasini E., Perico G., Rossi G.,
  • Personal name: Sartori L., Sbaffi M., Tettamanzi D., Vignali M

670 ## - SOURCE DATA FOUND

  • Source citation: Work cat.: ()215147: Vella Charles G. (a cura di) 60971, La coppia e l'amore., 1978
CREDITS: SOCIETA' SAN PAOLO Via A.Severo, 58 - ROMA (RM) & PERIODICI SAN PAOLO SRL Via Giotto, 36 MILANO & CISF Via Giotto, 36 MILANO & EDIZIONI SAN PAOLO SRL,  Piazza Soncino, 5 CINISELLO BALSAMO (MI) -- ITALY